000 00502nam a2200157Ia 4500
008 180925s9999 xx 000 0 und d
020 _a9781496339621
100 _aAnsel,Howard C.
245 _cHoward C. Ansel, Shelly J. Stockton.--
_aPharmaceutical calculations /
250 _a15th ed
260 _aUSA :
_bWolters kluwer
_c2017
300 _axii, 455 pages.
500 _aInlcudes bibliographical reference and indexes.
650 _aMESH: Drug dosage calculations.
650 _aPharmaceutical.
999 _c358848
_d358848